| 000 | 00632nam a2200193 i 4500 | ||
|---|---|---|---|
| 001 | 33570 | ||
| 003 | ES-MaACL | ||
| 005 | 20240522092746.0 | ||
| 007 | t| | ||
| 008 | 030202s1966 sp ||||1| spa d | ||
| 130 | 0 |
_aBiblia. _pN.T. _lEspañol. _9119294 |
|
| 245 | 1 | 0 |
_aNuevo Testamento / _ctraducción de José María Valverde ; con revisión de Luis Alonso Schökel. |
| 260 |
_aMadrid : _bCristiandad, _c[1966] |
||
| 300 |
_a771 p. : _b2 map. ; _c18 cm. |
||
| 700 | 1 |
_aValverde, José María, _d1926-1996 _9113013 |
|
| 700 | 1 |
_aAlonso Schökel, Luis. _9181472 |
|
| 852 |
_aES-MaACL _jC-31177 _bR.61625 |
||
| 999 |
_c33570 _d33570 |
||